| 000 | 02888cam a22005774i 4500 | ||
|---|---|---|---|
| 003 | PE-LiUPU | ||
| 005 | 20250731172856.0 | ||
| 008 | 150623s2001 ag r1 000 0 spa d | ||
| 020 | _a9505738285 (tapa rustica) | ||
| 020 | _a9789505738700 | ||
| 035 | _a(Sirsi) a163485 | ||
| 040 |
_aPE-LiUPU _bspa _cPE-LiUPU _erda |
||
| 049 | _aPRUA | ||
| 050 |
_aBX6146 _bM46 |
||
| 082 | 0 | 4 |
_a286.7325 _bME _223 |
| 100 | 1 |
_aWhite, Elena G. de, _eautor. |
|
| 245 | 1 | 0 |
_aMensajeros de esperanza / _cElena G. de White. |
| 250 | _aPrimera edición. | ||
| 264 | 1 |
_aBuenos Aires : _bAsociación Casa Editora Sudamericana, _c2001. |
|
| 300 |
_a172 páginas ; _c17 centímetros. |
||
| 336 |
_atext _2rdacontent |
||
| 337 |
_aunmediated _2rdamedia |
||
| 338 |
_avolume _2rdacarrier |
||
| 505 | 0 | _aLa evangelización por medio del colportaje -- El colportor idóneo -- El colportor evangélico en acción -- La alianza con lo divino -- Nuestras publicaciones llenas de verdad. | |
| 526 | _aSEG42 | ||
| 526 | _aSEG41 | ||
| 526 | _aSEG40 | ||
| 526 | _aSEG39 | ||
| 526 | _aP94 | ||
| 526 | _aP87 | ||
| 526 | _aP86 | ||
| 526 | _aP85 | ||
| 526 | _aP77 | ||
| 526 | _aP76 | ||
| 526 | _aP35 | ||
| 650 | 0 | 4 | _aColportaje. |
| 910 | _abgr | ||
| 942 |
_2ddc _cBOOK |
||
| 949 |
_aW286.7325 ME 2002 _wDEWEY _c1 _iFJ09554 _lCCODECWJ1 _mBUJ _p7.00 _r0 _sY _tBOOK _u2017-12-12 _xBIBLIOTECA _zUNKNOWN _0COMPRA _o.STAFF. Colección General Juliaca |
||
| 949 |
_aW286.7325 ME 2002 _wDEWEY _c2 _iFJ09555 _lCCODECWJ1 _mBUJ _p7.00 _r0 _sY _tBOOK _u2017-12-12 _xBIBLIOTECA _zUNKNOWN _0COMPRA _o.STAFF. Colección General Juliaca |
||
| 949 |
_aW286.7325 ME 2002 _wDEWEY _c3 _iFJ09556 _lCCODECWJ1 _mBUJ _p7.00 _r0 _sY _tBOOK _u2017-12-12 _xBIBLIOTECA _zUNKNOWN _0COMPRA _o.STAFF. Colección General Juliaca |
||
| 949 |
_aW286.7325 ME 2002 _wDEWEY _c4 _iFJ09557 _lCCODECWJ1 _mBUJ _p7.00 _r0 _sY _tBOOK _u2017-12-12 _xBIBLIOTECA _zUNKNOWN _0COMPRA _o.STAFF. Colección General Juliaca |
||
| 949 |
_aW286.7325 ME 2002 _wDEWEY _c5 _iFJ09558 _lCCODECWJ1 _mBUJ _p7.00 _r0 _sY _tBOOK _u2017-12-12 _xBIBLIOTECA _zUNKNOWN _0COMPRA _o.STAFF. Colección General Juliaca |
||
| 949 |
_aW286.7325 ME 2002 _wDEWEY _c6 _iFJ09559 _lCCODECWJ1 _mBUJ _p7.00 _r0 _sY _tBOOK _u2017-12-12 _xBIBLIOTECA _zUNKNOWN _0COMPRA _o.STAFF. Colección General Juliaca |
||
| 949 |
_aW286.7325 ME 2002 _wDEWEY _c7 _iFJ09560 _lCCODECWJ1 _mBUJ _p7.00 _r0 _sY _tBOOK _u2017-12-12 _xBIBLIOTECA _zUNKNOWN _0COMPRA _o.STAFF. Colección General Juliaca |
||
| 999 |
_c12361 _d12361 |
||
| 980 |
_81 _gALBERTO SANCHEZ Responsable de Automatización |
||